Pure Fighting-type Pokémon - Statistics

General Stats
  • This quiz has been taken 7 times
  • The average score is 21 of 30
Answer Stats
Hint Answer % Correct
Kanto Hitmonchan
100%
Kanto Hitmonlee
100%
Johto Hitmontop
100%
Kanto Machamp
100%
Kanto Machoke
100%
Kanto Machop
100%
Kanto Mankey
100%
Kanto Primeape
100%
Galar Clobbopus
67%
Unova Conkeldurr
67%
Galar Grapploct
67%
Uova Gurdurr
67%
Hoenn Hariyama
67%
Hoenn Makuhita
67%
Unova Mienfoo
67%
Unova Mienshao
67%
Sinnoh Riolu
67%
Unova Timburr
67%
Johto Tyrogue
67%
Alola Crabrawler
50%
Galar Falinks
50%
Galar Farfetch'd
50%
Galar Kubfu
50%
Kalos Pancham
50%
Alola Passimian
50%
Unova Sawk
50%
Galar Sirfetch'd
50%
Paldea Tauros
50%
Unova Throh
50%
Galar Zamazenta
50%
No matching quizzes found
Score Distribution
Percent of People with Each Score
Percentile by Number Answered
Your Score History
You have not taken this quiz